Guess the Taylor Swift song - Statistics

General Stats
  • This quiz has been taken 32 times
  • The average score is 190 of 272
Answer Stats
Answer % Correct
I
100%
a
96%
be
96%
me
96%
You
96%
you
96%
the
92%
we
92%
your
92%
and
88%
And
88%
it
88%
do
83%
my
83%
Now
83%
that
83%
to
83%
when
83%
with
83%
With
83%
you're
83%
don't
79%
talk
79%
who
79%
I'll
75%
like
75%
of
75%
on
75%
was
75%
have
71%
know
71%
said
71%
she
71%
So
71%
though
71%
for
67%
get
67%
is
67%
men
67%
mom
67%
were
67%
what
67%
What
67%
But
63%
call
63%
Did
63%
guess
63%
Guess
63%
heard
63%
I'd
63%
new
63%
think
63%
want
63%
way
63%
you'd
63%
from
58%
got
58%
long
58%
part
58%
this
58%
went
58%
best
54%
cost
54%
crowd
54%
didn't
54%
everybody
54%
friend
54%
grew
54%
hair
54%
icons
54%
important
54%
it's
54%
looks
54%
lost
54%
mega
54%
myself
54%
never
54%
off
54%
Or
54%
party
54%
pay
54%
pretend
54%
price
54%
red
54%
Remind
54%
say
54%
sea
54%
yacht
54%
am
50%
been
50%
cannot
50%
can't
50%
chest
50%
gave
50%
home
50%
how
50%
just
50%
Just
50%
less
50%
miss
50%
more
50%
old
50%
ways
50%
acid
46%
better
46%
change
46%
even
46%
lives
46%
outside
46%
started
46%
tell
46%
thoughts
46%
trying
46%
anxious
42%
friends
42%
had
42%
has
42%
only
42%
rock
42%
weekends
38%
back
29%
shrouded
29%
chasing
25%
left
25%
mystery
25%
ended
21%
into
21%
maybe
21%
platonic
21%
Truth
21%
dinners
17%
faded
17%
shared
17%
till
17%
turn
17%
diginty
0%
No matching quizzes found
Score Distribution
Percent of People with Each Score
Percentile by Number Answered
Your Score History
You have not taken this quiz